Normal view MARC view

Entry Nombre personal

Number of records used in: 72

001 - NÚMERO DE CONTROL

  • campo de control: 102185

003 - IDENTIFICADOR DE NÚMERO DE CONTROL

  • campo de control: SpMaBN

005 - FECHA Y HORA DE LA ÚLTIMA TRANSACCIÓN

  • campo de control: 20240125210500.0

008 - ELEMENTOS DE DATO DE LONGITUD-FIJA

  • campo de control de longitud fija: 901120nn aijnnaabn a aaa

016 ## - NÚMERO DE CONTROL DE UNA AGENCIA BIBLIOGRÁFICA NACIONAL

  • Número de control del registro: BNE19900071019

024 7# - IDENTIFICADOR DE OTROS ESTÁNDARES

  • Número estándar o código: http://viaf.org/viaf/272576455/
  • Fuente: viaf

024 7# - IDENTIFICADOR DE OTROS ESTÁNDARES

  • Número estándar o código: https://isni.org/isni/0000000121171958
  • Fuente: isni

024 7# - IDENTIFICADOR DE OTROS ESTÁNDARES

  • Número estándar o código: http://www.wikidata.org/entity/Q1393782
  • Fuente: wikidata

040 ## - FUENTE DE CATALOGACIÓN

  • Centro catalogador/agencia de origen: SpMaBN
  • Lengua de catalogación: spa
  • Centro/agencia transcriptor: SpMaBN
  • Normas de descripción: rdc
  • Convención/Normas de encabezamiento de materia/tesauro: embne

046 ## - FECHAS CON CODIFICACIÓN ESPECIAL

  • Fecha de nacimiento: 1917
  • Fecha de la muerte: 2013

100 1# - ENCABEZAMIENTO-NOMBRE DE PERSONA

  • Nombre de persona: Sampedro, José Luis,
  • Fechas asociadas al nombre: 1917-2013

370 ## - LUGAR ASOCIADO

  • Lugar de nacimiento: Barcelona, España
  • Fuente de información: (Wikidata)
  • Número de control del registro de autoridad o número normalizado: XX450579

372 ## - CAMPO DE ACTIVIDAD

  • Campo de actividad: Cuento
  • Campo de actividad: Novela
  • Fuente de información: Wikidata

373 ## - GRUPO ASOCIADO

  • Grupo asociado: Real Academia Española
  • Fuente de información: Wikidata

374 ## - OCUPACIÓN

  • Ocupación: Profesores
  • Ocupación: Politicos
  • Ocupación: Escritores
  • Ocupación: Economistas
  • Ocupación: poetas
  • Fuente de información: Wikidata

375 ## - GÉNERO/SEXO

  • Género: Masculino

377 ## - IDIOMA ASOCIADO

  • Término de lengua/lenguaje: Catalán
  • Término de lengua/lenguaje: Español

400 0# - TRAZADO DE VÉASE--NOMBRE DE PERSONA

  • Nombre de persona: J. L. S.,
  • Fechas asociadas al nombre: 1917-2013

400 1# - TRAZADO DE VÉASE--NOMBRE DE PERSONA

  • Nombre de persona: Sampedro, J. L.,
  • Fechas asociadas al nombre: 1917-2013

400 1# - TRAZADO DE VÉASE--NOMBRE DE PERSONA

  • Nombre de persona: Sampedro Sáez, José Luis,
  • Fechas asociadas al nombre: 1917-2013

670 ## - FUENTE DE DATOS ENCONTRADOS

  • Cita de la fuente: El río que nos lleva, 1987

670 ## - FUENTE DE DATOS ENCONTRADOS

  • Cita de la fuente: Días en blanco, poesía completa, 2020
  • Información encontrada: portada (José Luis Sampedro)

670 ## - FUENTE DE DATOS ENCONTRADOS

  • Cita de la fuente: La inflacción y el poder económico, D.L. 1976
  • Información encontrada: port. (por José Luis Sampedro Sáez)

670 ## - FUENTE DE DATOS ENCONTRADOS

  • Cita de la fuente: Dic. de literatura española e hispanoamericana, 1993
  • Información encontrada: (Sampedro, José Luis; n. Barcelona, 1917; catedrático de economía)

670 ## - FUENTE DE DATOS ENCONTRADOS

  • Cita de la fuente: Penelope A. Bower: "Balance of payments in 1936", 1950. En: Cuadernos de estudios africanos
  • Información encontrada: p. 165 (J.L.S.)

670 ## - FUENTE DE DATOS ENCONTRADOS

  • Cita de la fuente: WWW Wikipedia 17-04-2013
  • Información encontrada: (José Luis Sampedro; escritor, humanista y economista español; n. en Barcelona en 1917, m. 2013)

856 4# - LOCALIZACIÓN Y ACCESO ELECTRÓNICOS

  • Identificador Uniforme de Recursos: http://dialnet.unirioja.es/servlet/autorExterno/BNE/930326